Territories of the World on a Map #1 - Statistics

General Stats
  • This quiz has been taken 161 times
    134 since last reset
  • The average score is 25 of 35
Answers on the Map
Answers color-coded by a green-red scale on the quiz's map according to % correct below.
 
Answer Stats
Country Location Territory % Correct
DK North Atlantic Greenland
95%
UK Irish Sea Isle of Man
89%
UK South Atlantic Falkland Islands
88%
UK Caribbean Bermuda
85%
USA Caribbean U.S. Virgin Islands
85%
NL Caribbean Aruba
83%
DK North Atlantic Faroe Islands
83%
NL Caribbean Curaçao
81%
USA Micronesia Guam
80%
UK Caribbean British Virgin Islands
79%
UK Caribbean Cayman Islands
77%
USA Caribbean Puerto Rico
77%
USA Polynesia American Samoa
76%
FR Caribbean Guadeloupe
73%
FR Polynesia French Polynesia
72%
FR Indian Ocean Réunion
72%
UK Caribbean Turks and Caicos Islands
71%
FR Melanesia New Caledonia
69%
FR North Atlantic Saint Pierre and Miquelon
68%
NL Caribbean Bonaire
67%
FR Caribbean Martinique
67%
USA Micronesia Northern Mariana Islands
65%
FR Indian Ocean Mayotte
64%
UK Polynesia Pitcairn Islands
64%
UK Atlantic Saint Helena, Ascension and Tristan da Cunha
64%
FR Caribbean Saint Martin
64%
NL Caribbean Sint Maarten
64%
NZ Polynesia Cook Islands
63%
NZ Polynesia Niue
61%
UK Caribbean Anguilla
60%
UK Caribbean Montserrat
59%
AUS Australia Cocos (Keeling) Islands
57%
FR Caribbean Saint Barthélemy
56%
FR Polynesia Wallis and Fatuna
56%
NZ Polynesia Tokelau
51%
No matching quizzes found
Score Distribution
Percent of People with Each Score
Percentile by Number Answered
Your Score History
You have not taken this quiz since the last reset